Airbus A220 operators as of January 2026 - Statistics

General Stats
  • This quiz has been taken 173 times
    47 since last reset
  • The average score is 10 of 21
Answer Stats
Num. Airline % Correct
30 SWISS
94%
41 Air Canada
88%
52 airBaltic
85%
51 Air France
79%
82 Delta Air Lines
79%
29 ITA Airways
73%
58 JetBlue
61%
10 Korean Air
52%
9 QantasLink
48%
49 Breeze Airways
39%
7 Croatia Airlines
39%
4 Air Tanzania
33%
7 Bulgaria Air
33%
3 Air Austral
30%
4 TAAG Angola Airlines
30%
3 Animawings
27%
4 Cyprus Airways
24%
4 SmartWings
18%
2 Air Niugini
15%
2 Ibom Air
15%
5 Iraqi Airways
15%
No matching quizzes found
Score Distribution
Percent of People with Each Score
Percentile by Number Answered
Your Score History
You have not taken this quiz since the last reset